000 00574cam a22002291 4500
001 sa 62001199
003 DLC
005 20260227111918.0
008 890726s1962 ii a 000 0 hino
010 _asa 62001199
035 _a(OCoLC)20074671
040 _aDLC
_cWaU
_dDLC
042 _apremarc
043 _aa-ii---
050 0 0 _aPN1993.5.I8
_bS7
100 1 _aŚrīvāstava, Baccana,
_d1931-
245 1 0 _aBhāratīya philmoṃ kī kahān.
260 _c[1962]
300 _a214 p.
_billus.
_c19 cm.
500 _aIn Hindi.
650 0 _aMotion pictures
_zIndia.
999 _c53208
_d53208